| 000 | 00988cam a2200289 a 4500 | ||
|---|---|---|---|
| 001 | 2928264 | ||
| 003 | PILC | ||
| 005 | 20150319132759.0 | ||
| 008 | 891109s1990 txua b 001 0 eng | ||
| 010 | _a 89048697 | ||
| 020 | _a0872010740 | ||
| 040 |
_aDLC _cDLC _dDLC |
||
| 050 | 0 | 0 |
_aLC 5215 _b.K59 1990 |
| 082 | 0 | 0 | _a374 |
| 100 | 1 |
_aKnowles, Malcolm S. _q(Malcolm Shepherd), _d1913-1997. |
|
| 245 | 1 | 4 |
_aThe adult learner : _ba neglected species / _cMalcolm Knowles. |
| 250 | _a4th ed. | ||
| 260 |
_aHouston : _bGulf Pub. Co, _c1990. |
||
| 300 |
_ax, 293 pages : _billustrations ; _c24 cm. |
||
| 490 | 1 | _aBuilding blocks of human potential | |
| 504 | _aIncludes bibliographical references (p. 250-275). | ||
| 650 | 0 | _aAdult education. | |
| 830 | 0 | _aBuilding blocks of human potential series. | |
| 906 |
_a7 _bcbc _corignew _d1 _eocip _f19 _gy-gencatlg |
||
| 942 |
_2lcc _cBK |
||
| 999 |
_c283795 _d283795 |
||